Cm̤o dirigir trabajos de grado, tesis de maestra̕ y doctorado representacin̤, proceso y oficio /

Bibliographic Details
Main Author: Gm̤ez Mendoza, Miguel ℓngel
Other Authors: Alzate Piedrahita, Mara̕ Victoria
Format: eBook
Language:Spanish
Published: Bogot:̀ ECOE, 2019
Subjects:
Online Access:Acceso restringido

MARC

LEADER 00000nam a22000007a 4500
005 20220412224925.0
007 cr|||| ||||
008 220412s2019 co |||||s|||| 00||0 spa d
020 |a 978-958-771-283-4 
035 |a 35831 
040 |a vLex 
090 |c 13176  |d 13176 
100 1 |a Gm̤ez Mendoza, Miguel ℓngel 
245 1 0 |a Cm̤o dirigir trabajos de grado, tesis de maestra̕ y doctorado  |h [Recurso electrn̤ico] :  |b representacin̤, proceso y oficio /  |c Miguel ℓngel Gm̤ez Mendoza, Mara̕ Victoria Alzate Piedrahita 
256 |a Servicio en ln̕ea 
260 |a Bogot:̀  |b ECOE,  |c 2019 
300 |a 1 recurso electrn̤ico 
506 1 |a Disponible solo en los productos indicados  |d vLex Global  |d vLex Global (Academic Edition, excluding Law Schools)  |d vLex Global (U.S. Academic Edition, Law Schools)  |d vLex Global (U.S. Academic Edition, excluding Law Schools)  |d vLex Global (Academic Edition, Law Schools) 
650 0 4 |a Educacin̤  |z Colombia 
700 1 |a Alzate Piedrahita, Mara̕ Victoria 
740 0 |a vLex Libros (Servicio en ln̕ea) 
856 4 0 |u https://app.vlex.com/#/sources/35831  |z Acceso restringido 
942 |c BOOK 
999 0 |a Education